ბათუმის შოთა რუსთაველის სახელმწიფო უნივერსიტეტის ბიბლიოთეკა

საქართველოს სსრ ახალგაზრდა მედიკოსთა კონფერენცია = Конференция молодых медиков Грузинской ССР : (ბიბ.ჩანაწერი № 61977)

000 -ლიდერი
ფიქსირებული სიგრძის საკონტროლო ველი 00919nam a22001697a 4500
003 - საკონტროლო ნომრის იდენტიფიკატორი
საკონტროლო ველი Ge_BSU
005 - ბოლო ოპერაციის თარიღი და დრო
საკონტროლო ველი 20240618154716.0
008 - ფიქსირებული სიგრძის მონაცემთა ელემენტები - ზოგადი ინფორმაცია
ფიქსირებული სიგრძის საკონტროლო ველი 240618s1973 ge ||||| |||| 00| 0 geo d
041 ## - ენის კოდი
Language code of text/sound track or separate title geo
080 ## - უნივერსალური ათობითი კლასიფიკაციის ინდექსი
Universal Decimal Classification number 61(479.22)(063) ს-32
245 ## - ცნობა სათაურის შესახებ
Title საქართველოს სსრ ახალგაზრდა მედიკოსთა კონფერენცია = Конференция молодых медиков Грузинской ССР :
Remainder of title მიძღვნილი სსრ კავშირის დაარსების 50 წლისთავისადმი /
Statement of responsibility, etc რედაქტორი ვ. ოკუჯავა.
264 ## - წარმოების, გამოცემის, დისტრიბუციის და სხვა ცნობები
გამოცემის, წარმოების, დისტრიბუციის... ადგილი თბილისი,
გამოცემის, წარმოების, დისტრიბუციის... თარიღი 1974.
300 ## - ფიზიკური აღწერა
Extent 205 გვ.;
Other physical details 22 სმ.
653 ## - INDEX TERM--UNCONTROLLED
Uncontrolled term სამედიცინო კონფერენცია
700 ## - ADDED ENTRY--PERSONAL NAME
Personal name ოკუჯავა, ვ.
Relator term რედაქტორი
9 (RLIN) 22448
942 ## - ADDED ENTRY ELEMENTS (KOHA)
Source of classification or shelving scheme
Koha item type წიგნი

არაა ხელმისაწვდომი ეგზემპლარები.